[Event "Istanbul op-B"]
[Site "Istanbul"]
[Date "2018.09.04"]
[Round "5"]
[White "Bayramov, Araz"]
[Black "Kavacik, Ahmet"]
[Result "1-0"]
[WhiteElo "1750"]
[BlackElo "1800"]
[PlyCount "80"]
[EventDate "2018.09.02"]
[EventType "swiss"]
[EventRounds "9"]
[EventCountry "TUR"]
[SourceTitle "CBM 186 Extra"]
[Source "ChessBase"]
[SourceDate "2018.08.24"]
[SourceVersion "1"]
[SourceVersionDate "2018.08.24"]
[SourceQuality "1"]

1. d4 d5 2. Nf3 Nf6 3. Bf4 e6 4. e3 c5 5. c3 Bd6 6. Ne5 Qc7 7. Nd2 Nc6 8. Ndf3 0-0 9. Bd3 b6 10. h4 Ne7 11. g4 Ne4 12. g5 f6 13. gxf6 gxf6 14. Rg1+ Kh8 15. Bh6 Nf5 16. Bxf8 Bxf8 17. Ng4 Qf7 18. Qe2 h5 19. Ngh2 Qc7 20. 0-0-0 a5 21. Rg6 Qh7 22. Rdg1 Ne7 23. Rxf6 Nxf6 24. Bxh7 Kxh7 25. Ng5+ Kh8 26. Nf7+ Kh7 27. Qc2+ Nf5 28. Nf3 Bg7 29. N3g5+ Kg8 30. Nd8 cxd4 31. Ngxe6 Ne4 32. exd4 Bd7 33. f3 Ned6 34. Nxg7 Nxg7 35. Qg6 Ndf5 36. Qf7+ Kh7 37. Qxd7 a4 38. Ne6 Rg8 39. Ng5+ Kh8 40. Qf7 Nxh4 1-0